000 00299nam a22001217a 4500
008 230627b xxu||||| |||| 00| 0 eng d
082 _a338.1
_bFAO 2001
245 _aThe State of Food and Agriculture 2001
260 _aRome
_bFAO
_c2001
300 _aXXV,295p
440 _x00814539
942 _2ddc
_cBK
999 _c2906
_d2906